Online
Catalog

Verdades y ficciones sobre el ambiente : (Record no. 12662)

MARC details
000 -CABECERA
campo de control de longitud fija 01352cam a2200289 a 4500
001 - NÚMERO DE CONTROL
campo de control 000013015
005 - FECHA Y HORA DE LA ÚLTIMA TRANSACCIÓN
campo de control 20200929163125.0
008 - DATOS DE LONGITUD FIJA--INFORMACIÓN GENERAL
campo de control de longitud fija 991123s1999 ve a b 000 0 spa
020 ## - NÚMERO INTERNACIONAL ESTÁNDAR DEL LIBRO
Número Internacional Estándar del Libro 9802172286
040 ## - FUENTE DE LA CATALOGACIÓN
Centro catalogador/agencia de origen DO-SdBNP
Lengua de catalogación spa
Centro/agencia transcriptor LC
Centro/agencia modificador BNPHU
041 17 - CÓDIGO DE LENGUA
Código de lengua del texto/banda sonora o título independiente spa
Código de lengua original eng
Fuente del código Código de idioma MARC
082 ## - NÚMERO DE LA CLASIFICACIÓN DECIMAL DEWEY
Número de clasificación 363.7
Número de documento/Ítem S286c
049 ## - FONDOS LOCALES (OCLC)
Fondos de biblioteca BNGR
100 1# - ENTRADA PRINCIPAL--NOMBRE DE PERSONA
Nombre de persona Scarlett, Lynn.
9 (RLIN) 30019
240 12 - TÍTULO UNIFORME
Título uniforme A consumer´s guide to environmental myths and realities.
Lenguaje de la obra Español
245 10 - MENCIÓN DE TÍTULO
Título Verdades y ficciones sobre el ambiente :
Resto del título guía para el consumidor /
Mención de responsabilidad, etc. Lynn Scarlett ; editor y adaptador para Latinoamérica Pablo Cardinale Pizani.
260 ## - PUBLICACIÓN, DISTRIBUCIÓN, ETC.
Lugar de publicación, distribución, etc. Caracas, (Venezuela) :
Nombre del editor, distribuidor, etc. Instituto de Estudios Superiores de Administración (IESA),
Fecha de publicación, distribución, etc. 1999.
300 ## - DESCRIPCIÓN FÍSICA
Extensión 82 p. :
Otras características físicas il. ;
Dimensiones 23 cm.
534 ## - NOTA SOBRE LA VERSIÓN ORIGINAL
Frase introductoria Título original en inglés:
Mención de título del original A consumer´s guide to environmental myths and realities
650 #4 - PUNTO DE ACCESO ADICIONAL DE MATERIA--TÉRMINO DE MATERIA
Término de materia o nombre geográfico como elemento de entrada Gestión ambiental
Subdivisión general Guías
9 (RLIN) 30020
650 #4 - PUNTO DE ACCESO ADICIONAL DE MATERIA--TÉRMINO DE MATERIA
Término de materia o nombre geográfico como elemento de entrada Protección ambiental
Subdivisión general Participación ciudadana
9 (RLIN) 30021
650 #4 - PUNTO DE ACCESO ADICIONAL DE MATERIA--TÉRMINO DE MATERIA
Término de materia o nombre geográfico como elemento de entrada Conservación de recursos naturales
Subdivisión general Participación ciudadana
9 (RLIN) 30022
700 1# - PUNTO DE ACCESO ADICIONAL--NOMBRE DE PERSONA
Nombre de persona Cardinale Pizani, Pablo,
Término indicativo de función/relación ed.
-- pról.
9 (RLIN) 30023
710 2# - PUNTO DE ACCESO ADICIONAL--NOMBRE DE ENTIDAD CORPORATIVA
Nombre de entidad corporativa o nombre de jurisdicción como elemento de entrada Centro de Divulgación del Conocimiento Económico (CEDICE)
9 (RLIN) 30024
710 2# - PUNTO DE ACCESO ADICIONAL--NOMBRE DE ENTIDAD CORPORATIVA
Nombre de entidad corporativa o nombre de jurisdicción como elemento de entrada Consejo Empresarial Venezolano para el Desarrollo Sostenible (CEVEDES)
9 (RLIN) 30025
910 ## - DATOS DE OPCIÓN DEL USUARIO (OCLC)
Datos de opción del usuario Catalogación por copia / LC
Holdings
Estado de retiro Estado de pérdida Restricciones de uso No para préstamo Código de colección Localización permanente Ubicación/localización actual Ubicación en estantería Fecha de adquisición Número de inventario Total de préstamos Signatura topográfica completa Código de barras Fecha visto por última vez Precio válido a partir de Tipo de ítem Koha
    Préstamo interno   Monografías: Libros y Folletos General General En catalogación 19.11.2009 LF1   363.7 S286c 13015-10 25.06.2020 25.06.2020 Préstamo interno

Powered by Koha